00526nam a2200169Ia 4500008004100000082001300041100002700054245005600081250000900137260003200146300001200178500002400190650001500214942000700229952010300236999001700339230524s9999 xx 000 0 und d a612bDEV aThomas M.Devlin923872 0aTextbook of Biochemistry with Clinical Correlations a4TH  aNEW DELHIbJohn Wileyc1997 aIX;1149 aQuantity Number: 1 aBiomedical cBK 00104070aTATCLbTATCLcGENd2023-05-24l0o612 DEVp10800r2023-05-24w2023-05-24yBKzBSCP1102 c35338d35338